Villes de France en M (difficile) - Statistiques

Statistiques générales
  • Ce quiz a été pris 79 fois
  • Le résultat moyen est 7 sur 20
Statistiques - réponses
Hint Réponse % Correct
Ville du nougat Montélimar
92%
Plus grande ville de la banlieue bordelaise Mérignac
68%
Cité comtoise nichée au cœur du Jura, célèbre pour ses saucisses Morteau
59%
Ville de Jean Giono, la plus peuplée des Alpes-de-Haute-Provence Manosque
55%
Sur les bords de Seine, cette ville abrite une remarquable collégiale gothique en son centre, et la cité du Val-Fourré dans sa périphérie Mantes-la-Jolie
41%
Partage son nom avec la rivière qui y passe et son département Mayenne
41%
Un viaduc passe au-dessus de cette cité bretonne Morlaix
34%
Ville de l'Avesnois fortifiée par Vauban, en dépression post-industrielle depuis quelques décennies. Maubeuge
33%
Sous-préfecture au cœur de l'ancien comté du Perche Mortagne-au-Perche
30%
Ancienne capitale du Forez, où l'on produit un fromage bleu Montbrison
26%
Banlieue lilloise où l'on fabrique de la levure Marcq-en-Barœul
25%
Un journaliste et romancier du XXe siècle partage son nom avec cette petite sous-préfecture auvergnate Mauriac
25%
En Savoie, porte d'entrée de l'Italie par le tunnel de Fréjus Modane
21%
Jouxte l'étang de Berre, et donne sur la plaine de Crau Miramas
19%
La Seine s'y jette dans l'Yonne (ou serait-ce l'inverse ?) Montereau-Fault-Yonne
15%
Aussi appelée « Saint-Quentin-en-Yvelines » dont elle est la commune centrale. Montigny-le-Bretonneux
15%
Sous-préfecture picarde qui a l'étrange caractéristique de n'être que la 145e ville la plus peuplée de son département, un record écrasant. Montreuil-sur-Mer
15%
Commune du Périgord qui abrite la grotte mondialement connue de Lascaux Montignac-Lascaux
14%
Cité de l'Oise où l'on travaille la nacre et l'ivoire Méru
12%
Capitale de la Soule, berceau de l'espadrille Mauléon-Licharre
11%
Aucun quiz correspondant
Distribution des résultats
% des personnes avec chaque résultat
Percentile par nombre de réponses
Votre historique - résultats
Vous n’avez pas pris ce quiz